000 00435 a2200121 4500
082 _a707.956.9
_bAS825h2
110 _aAshkal Alwan
_9737
245 _aHome Workspace Program 2011-12
_bOpen Studios 19 to 31 July 2012. Opening Wednesday July 18 from 6-9 pm
260 _aBeirut, Lebanon
_bAshkal Alwan
_c2011
300 _a29 p
_bill
_c21 cm
650 _xexhibicion-programa
_xarte
_xhome workspace forum
_zlibano
_9738
710 _aAshkal Alwan
_9739
999 _c153
_d153